| 000 | 00666nam a2200169ma 4500 | ||
|---|---|---|---|
| 001 | 000016352 | ||
| 003 | UkOxU | ||
| 005 | 20200929164403.0 | ||
| 008 | 500101s1960 mx 000 0 spa u | ||
| 040 |
_aDO-SdBNP _bspa _cBNPHU |
||
| 110 | 1 |
_aSecretaría General de la Undécima Conferencia Interamericana _936473 |
|
| 245 | 1 | 0 |
_aBiblioteca ecuatoriana mínima : _bLa colonia y la républica /. |
| 260 |
_aPuebla, México : _bJ. M. Cajica Jr., _c1960. |
||
| 500 | _aPublicación auspiciada por la Secretaría General de la Undécima Conferencia Interamericana, Quito, Ecuador, 1960 | ||
| 500 | _aIncluye notas al pie de las páginas | ||
| 505 |
_gv. _tRemigio Crespo Toral |
||
| 999 |
_c15887 _d15887 |
||